[Event "Marshall Chess Club GM 2020"]
[Site "New York"]
[Date "2020.03.02"]
[Round "9"]
[White "Yoo, Christopher Woojin"]
[Black "Wang, Kevin"]
[Result "1/2-1/2"]
[WhiteElo "2430"]
[BlackElo "2418"]
[Annotator "TA"]
[PlyCount "65"]
[EventDate "2020.02.27"]
[EventType "tourn"]
[EventCountry "USA"]
[SourceTitle "playchess.com"]
[Source "ChessBase"]
[SourceQuality "1"]

{[%evp 13,65,35,32,15,19,21,30,4,34,31,27,32,47,14,45,3,7,0,0,0,0,0,0,0,0,6,15,0,0,0,0,0,0,0,0,0,0,0,0,-27,-30,-25,-25,-26,-32,-46,0,-8,0,-8,0,-8,0,-8]} 1. e4 c6 2. d4 g6 3. Nc3 d5 4. h3 Bg7 5. Nf3 dxe4 6. Nxe4 Nf6 7. Nxf6+ {7.Bd3 is the modern continuation. Played by Ian Nepomniachtchi in January 2020.} exf6 8. Be2 {B15: Caro-Kann: 3 Nc3: 3...g6 and 3...dxe4 4 Nxe4 Nf6 5 Nxf6+ exf6.} O-O 9. O-O Re8 10. c4 {[#] White has an edge.} a5 $146 ({Predecessor:} 10... Nd7 11. Re1 f5 12. Be3 Nf6 13. Qc2 Be6 14. Rad1 Qc7 15. Qc1 Rad8 16. Bf4 Qa5 {½-½ (85) Henderson de la Fuente,L (2494)-Cramling,P (2462) Douglas 2019}) 11. Be3 f5 12. Qc2 Na6 13. a3 Qd6 14. Qd2 Nc5 15. dxc5 Qxd2 16. Nxd2 {[#] Hoping for Rfe1.} f4 17. Bxf4 {And now Bd3 would win.} Rxe2 18. Rfe1 Rxe1+ 19. Rxe1 {White threatens Re8+ and mate.} Bf5 20. Be5 Re8 21. Nf3 $1 f6 22. g4 Bxg4 23. hxg4 {[#] Threatens to win with Bd4.} fxe5 $11 {[%mdl 4096] Endgame KRB-KRN} 24. b4 axb4 25. axb4 e4 {With the idea ...Bc3.} 26. b5 cxb5 27. cxb5 Rc8 28. Rxe4 Rxc5 29. b6 Kf7 30. Rf4+ {The position is equal.} Ke7 31. Re4+ Kf7 32. Rf4+ Ke7 33. Re4+ {Accuracy: White = 79%, Black = 85%.} 1/2-1/2

[Event "Marshall Chess Club GM 2020"]
[Site "New York"]
[Date "2020.03.02"]
[Round "9"]
[White "Kaliksteyn, Alexander"]
[Black "Khamrakulov, Djurabek"]
[Result "1/2-1/2"]
[WhiteElo "2394"]
[BlackElo "2525"]
[Annotator "TA"]
[PlyCount "45"]
[EventDate "2020.02.27"]
[EventType "tourn"]
[EventCountry "USA"]
[SourceTitle "playchess.com"]
[Source "ChessBase"]
[SourceQuality "1"]

{[%evp 18,32,0,0,0,0,0,5,0,12,17,27,25,30,17,18,12]} 1. d4 Nf6 2. Nf3 g6 3. Bf4 Bg7 4. e3 O-O 5. h3 d5 6. Nbd2 b6 7. Ne5 Bb7 8. c3 c5 9. Be2 Nc6 10. O-O Nd7 {[%cal Rc6e5] A48: 1 d4 Nf6 2 Nf3 g6: Torre, London and Colle Systems.} 11. Nxc6 Bxc6 12. Nf3 Re8 13. a4 e5 14. dxe5 Nxe5 15. Nxe5 Bxe5 16. Bxe5 Rxe5 {[#] A rather calm draw.} {Predecessor:} 17. Bf3 $146 Qd7 18. a5 Rb8 19. axb6 Rxb6 20. Qd2 Qb7 21. b4 cxb4 22. cxb4 Re7 23. Rfb1 {1-0 (35) Kvisla,J (2234)-Pavlov,E (2165) Caleta 2018} 1/2-1/2

[Event "Marshall Chess Club GM 2020"]
[Site "New York"]
[Date "2020.03.02"]
[Round "9"]
[White "Wang, Qibiao"]
[Black "Korley, Kassa"]
[Result "1/2-1/2"]
[WhiteElo "2362"]
[BlackElo "2430"]
[Annotator "TA"]
[PlyCount "114"]
[EventDate "2020.02.27"]
[EventType "tourn"]
[EventCountry "USA"]
[SourceTitle "playchess.com"]
[Source "ChessBase"]
[SourceQuality "1"]

{[%evp 19,114,1,14,11,17,0,0,0,14,4,18,16,25,0,4,-16,-9,-9,0,-9,-9,-16,-16,-16,2,0,0,0,10,0,5,-16,-16,-26,21,-18,-9,-35,-35,-299,-292,-458,-395,-380,-225,-227,-138,-150,-150,-144,-90,-85,-88,-90,-66,-97,-52,-52,-48,-55,-33,-33,-33,-33,-33,-58,-33,-45,-33,-33,-18,-55,-45,-45,-36,-89,-70,-97,-104,-105,-8,-8,-8,-6,-12,-12,0,0,0,0,0,-4,-4,-4,-4,-4,0]} 1. d4 d5 2. Bf4 Nf6 3. e3 e6 4. Nf3 Bd6 5. Bxd6 Qxd6 6. c4 O-O 7. Nc3 Qe7 8. Be2 Nbd7 9. cxd5 exd5 10. O-O c6 11. Qc2 {D35: Queen's Gambit Declined: Exchange Variation.} Nb6 12. Ne5 g6 13. Bd3 Ng4 14. Nf3 Be6 15. Rae1 Nf6 16. h3 Rac8 17. Na4 Nxa4 18. Qxa4 a6 19. Rc1 Ne8 20. Qa5 Nd6 21. Qc5 f6 22. Nd2 Rf7 23. a4 g5 24. Rfe1 f5 25. g3 Rg7 26. Nf3 g4 27. Nh4 gxh3 28. Kh2 Re8 29. Bf1 $2 {[%mdl 8192]} (29. b4 $15) 29... Qc7 $1 $19 30. Bxh3 (30. Bd3 $142 Ne4 31. Bxe4 fxe4 32. Qc2) 30... Ne4 $1 {[%csl LRc5,LRf2][%mdl 64] Double Attack} 31. Qc2 {[#]} Nxg3 (31... Rxg3 $142 $1 {[%mdl 512]} 32. Rg1 (32. fxg3 Qxg3+) 32... Rxg1+ 33. Kxg1 f4) 32. f4 Qe7 33. Nf3 Ne4 34. Rg1 {[#]} Kh8 (34... Rg4 $142 $1 {[%mdl 512]} 35. Kh1 (35. Bxg4 fxg4) 35... Kh8) 35. Rxg7 $17 Qxg7 36. Rg1 Qe7 37. Ng5 Nxg5 38. Rxg5 Rf8 39. a5 h6 40. Rg6 Kh7 41. Rg3 Rf7 42. Qg2 Qf6 43. b4 Re7 44. Qc2 Bd7 45. Qg2 Be8 46. Qc2 Bg6 47. Qd3 (47. Bf1 $1 $15) 47... Re4 48. Qd2 Bh5 49. Qc2 {[#]} Qh4 ({Better is} 49... Kh8 $1 $17 50. Qc3 Re8) 50. Kg2 $11 {The position is equal.} Bg4 {And now ...h5 would win.} 51. Bxg4 fxg4 {[%mdl 4096] Endgame [#] KQR-KQR} 52. b5 $1 {[%mdl 512]} Qf6 (52... axb5 53. a6) 53. bxa6 bxa6 {aiming for ...h5.} 54. Rxg4 Qf5 $1 {[%csl LRe3,LRg4]} 55. Rg3 {Threatens to win with Qc5!} Rxf4 $1 56. Qxf5+ Rxf5 57. Rh3 $1 Rf8 {Whites escaped into a draw. Accuracy: White = 70%, Black = 76%.} 1/2-1/2